000
00331nam a22001457a 4500
003
SGT
082
_a
615.532
_b
P16R
100
_a
ROBERTS, HERBERT A.
245
_a
THE PRINCIPLES & ART OF CURE BY HOMOEOPATHY
250
_a
3RD
260
_a
INDIA
_b
B JAIN PUB
_c
2016
300
_a
325
650
_a
HOMOEOPATHIC
942
_2
ddc
_c
BK
999
_c
18630
_d
18630